Vista normal
Vista MARC
Entrada Materia (corporativa)
Número de registros utilizados en: 1
001 - CONTROL NUMBER
- control field: 42541
003 - CONTROL NUMBER IDENTIFIER
- control field: Co-BoUCM
005 - DATE AND TIME OF LATEST TRANSACTION
- control field: 20130813113644.0
008 - FIXED-LENGTH DATA ELEMENTS
- fixed length control field: 130813|| aca||aabn | a|a d
040 ## - CATALOGING SOURCE
- Original cataloging agency: Co-BoUCM
- Transcribing agency: Co-BoUCM
110 ## - HEADING--CORPORATE NAME
- Corporate name or jurisdiction name as entry element: Pontificia Universidad Javeriana
- Subordinate unit: Facultad de Ciencias Jurídicas
670 ## - SOURCE DATA FOUND
- Source citation: Work cat.: (Co-BoUCM)53283: Cárdenas Ortiz, Alexandra 42539, El derecho de los animales, 2007